<?xml version="1.0" encoding="UTF-8"?>
<record
    xmlns:xsi="http://www.w3.org/2001/XMLSchema-instance"
    xsi:schemaLocation="http://www.loc.gov/MARC21/slim http://www.loc.gov/standards/marcxml/schema/MARC21slim.xsd"
    xmlns="http://www.loc.gov/MARC21/slim">

  <leader>01774nam a22002177a 4500</leader>
  <controlfield tag="003">OSt</controlfield>
  <controlfield tag="005">20200909133239.0</controlfield>
  <controlfield tag="008">200909s1972    cl ac||gr|||| 00| 0 spa d</controlfield>
  <datafield tag="040" ind1=" " ind2=" ">
    <subfield code="a">CO-JMCR</subfield>
    <subfield code="c">CO-JMCR</subfield>
  </datafield>
  <datafield tag="041" ind1="0" ind2=" ">
    <subfield code="a">spa</subfield>
  </datafield>
  <datafield tag="082" ind1="0" ind2="4">
    <subfield code="a">335 / </subfield>
    <subfield code="b">I271t</subfield>
    <subfield code="2">23</subfield>
  </datafield>
  <datafield tag="100" ind1="1" ind2=" ">
    <subfield code="a">Il Sung, Kim, </subfield>
    <subfield code="e">autor</subfield>
    <subfield code="9">10038</subfield>
  </datafield>
  <datafield tag="245" ind1="1" ind2="4">
    <subfield code="a">Las tareas de la literatura y el arte en nuestra revoluci&#xF3;n / </subfield>
    <subfield code="c">Kim Il Sung</subfield>
  </datafield>
  <datafield tag="260" ind1=" " ind2=" ">
    <subfield code="a">Santiago ; Chile : </subfield>
    <subfield code="b">Instituto Chileno Coreano de cultura, </subfield>
    <subfield code="c">1972.</subfield>
  </datafield>
  <datafield tag="300" ind1=" " ind2=" ">
    <subfield code="a">166 p&#xE1;ginas : </subfield>
    <subfield code="b">retrato a blanco y negro ; </subfield>
    <subfield code="c">18 cm.</subfield>
  </datafield>
  <datafield tag="505" ind1="0" ind2=" ">
    <subfield code="a">Los trabajadores del sector cultural deben ser combatientes del frente de la cultura. -- Sobre algunas cuestiones de nuestra literatura y nuestro arte. -- Por un mayor nivel de desarrollo en nuestras artes. -- Sobre la eliminaci&#xF3;n del dogmatismo y del formalismo e el establecimiento del zuche en la labor de la ideolog&#xED;a. -- Informe sobre las labores del comit&#xE9; central, presentado en el tercer congreso del trabajo de Corea. -- Sobre la educaci&#xF3;n. -- Creemos en la literatura y un arte que correspondan a la &#xE9;poca de Chenlima. -- Informe sobre el balance de las labores del comit&#xE9; central, presentado ante el congreso del partido del trabajo del Corea. -- Nuestro ejercito popular es el ejercito de clase obrera y de la revoluci&#xF3;n. -- Sobre la creaci&#xF3;n de la literatura y el arte revolucionarios. -- Hagamos de nuestra pintura una pintura revolucionaria, con forma nacional y contenido socialista. -- Informa sobre las labores del comit&#xE9; central, presentado ante el quinto congreso del partido del trabajo de Corea </subfield>
  </datafield>
  <datafield tag="650" ind1="2" ind2="4">
    <subfield code="a">Literatura coreana</subfield>
    <subfield code="9">10039</subfield>
  </datafield>
  <datafield tag="650" ind1="2" ind2="4">
    <subfield code="a">Pol&#xED;tica y literatura</subfield>
    <subfield code="z">Corea (Rep&#xFA;blica Popular Democr&#xE1;tica)</subfield>
    <subfield code="9">10040</subfield>
  </datafield>
  <datafield tag="650" ind1="2" ind2="4">
    <subfield code="a">Comunismo</subfield>
    <subfield code="z">Corea del Norte</subfield>
    <subfield code="9">10041</subfield>
  </datafield>
  <datafield tag="942" ind1=" " ind2=" ">
    <subfield code="2">ddc</subfield>
    <subfield code="c">BK</subfield>
  </datafield>
  <datafield tag="999" ind1=" " ind2=" ">
    <subfield code="c">6836</subfield>
    <subfield code="d">6836</subfield>
  </datafield>
  <datafield tag="952" ind1=" " ind2=" ">
    <subfield code="0">0</subfield>
    <subfield code="1">0</subfield>
    <subfield code="2">ddc</subfield>
    <subfield code="4">0</subfield>
    <subfield code="7">0</subfield>
    <subfield code="a">CPL</subfield>
    <subfield code="b">CPL</subfield>
    <subfield code="c">GEN</subfield>
    <subfield code="d">2018-04-15</subfield>
    <subfield code="e">Donaci&#xF3;n</subfield>
    <subfield code="l">0</subfield>
    <subfield code="o">335 / I271t</subfield>
    <subfield code="p">201809819</subfield>
    <subfield code="r">2024-05-16 00:00:00</subfield>
    <subfield code="t">Ej.1</subfield>
    <subfield code="w">2018-04-15</subfield>
    <subfield code="y">BK</subfield>
  </datafield>
</record>
